• 首页
  • 本馆介绍
  • 公告通知
  • 最新文献
  • 馆藏检索
  • 电子资源
  • 读者导购
  • 参考咨询
  • 我的图书馆
  • 登录
  • 详细信息显示
  • 放入我的书架
  • 预约/预借图书
  • 作者相关作品
  • 分类相关作品
  • 丛书相关作品
  • 出版社相关作品

书目信息

  • 表格格式
  • 工作单格式
  • 卡片格式
题名:
井下设备技术问答
    
 
作者: 郑文清 , 刘连武 编著
分册:  
出版信息: 北京   中国石化出版社  2013
页数: 15,240页
开本: 21cm
丛书名: 油田设备技术问答丛书
单 册:
中图分类: TE931
科图分类:
主题词: 井下设备--基本知识 , 井下设备
电子资源:
ISBN: 978-7-5114-1793-0
000 00889oam2 2200277 450
001 012015000675
005 20150914103507.27
010    @a978-7-5114-1793-0@dCNY24.00
100    @a20130317d2013 em y0chiy50 ea
101 0  @achi
102    @aCN@b110000
105    @aa z 000yy
106    @ar
200 1  @a井下设备技术问答@Ajing xia she bei ji shu wen da@f郑文清,刘连武编著
210    @a北京@c中国石化出版社@d2013
215    @a15,240页@c图@d21cm
225 1  @a油田设备技术问答丛书
330    @a本书介绍了修井机、酸化压裂设备、游动系统、旋转设备、地锚车、锅炉车、压风车的结构、原理、使用及维护。
461  0 @12001 @a油田设备技术问答丛书
606 0  @a井下设备@x基本知识
606 0  @a井下设备
690    @aTE931@v5
701  0 @a郑文清@Azheng wen qing@c(油田)@4编著
701  0 @a刘连武@Aliu lian wu@4编著
801  0 @aCN@b碧洲教育@c20150718
905    @a10447@f3@dTE931@e37
    
    井下设备技术问答/郑文清,刘连武编著.-北京:中国石化出版社,2013
    15,240页:图;21cm.-(油田设备技术问答丛书)
    
    
    ISBN 978-7-5114-1793-0:CNY24.00
    本书介绍了修井机、酸化压裂设备、游动系统、旋转设备、地锚车、锅炉车、压风车的结构、原理、使用及维护。
●
相关链接 在E读中查询图书 在五车中查询图书 在当当中查询图书 在豆瓣中查询图书


正题名:井下设备技术问答     索取号:TE931/37         预约/预借

序号 登录号 条形码 馆藏地/架位号 状态 备注
1 0848477   208484772   第二样本阅览室/ [索取号:TE931/37] 在馆    
2 0848478   208484781   第三借阅区/ [索取号:TE931/37] 在馆    
3 0848479   208484790   第三借阅区/ [索取号:TE931/37] 在馆    
唐山师范学院图书馆 欢迎您!
大连网信软件有限公司© 版权所有